000 00432nam a2200181Ia 4500
001 17097
005 20260306170400.0
008 260306t2008||||xx |||||||||||||| ||und||
041 _aESP
082 _a657.458
_bA52 2008
100 _aAmador Sotomayor, Alfonso
_eAUT
245 0 _aAuditoría administrativa
260 _c2008
300 _a223 páginas :
_ccm.
650 _aGEN
654 _aCCO
942 _cLIB
_dJUS
_fJUS
_2ddc
_n
999 _c17097
_d17097